| 000 | 01492cam a2200385 a 4500 | ||
|---|---|---|---|
| 001 | 14373678 | ||
| 003 | EG-ScBUE | ||
| 005 | 20220220122521.0 | ||
| 008 | 060511s2006 enka a f d 001 0 eng d | ||
| 020 | _a9780199298532 | ||
| 040 |
_aDLC _beng _erda _cDLC _dDLC _dEG-ScBUE |
||
| 041 | 0 |
_aeng _achi |
|
| 082 | 0 | 4 |
_a495.1321 _222 _bOXF |
| 245 | 0 | 0 |
_aOxford beginner's Chinese dictionary / _cedited by Boping Yuan and Sally K. Church. |
| 264 | 1 |
_aOxford : _bOxford University Press, _c2006. |
|
| 300 |
_axxix, 498 pages : _billustrations ; _c20 cm |
||
| 336 |
_2rdacontent _atext _btxt |
||
| 337 |
_2rdamedia _aunmediated _bn |
||
| 338 |
_2rdacarrier _avolume _bnc |
||
| 500 | _aRev. ed. of: Oxford starter Chinese dictionary. 1st ed. 2000. | ||
| 500 | _aIncludes index. | ||
| 546 | _aText in English and Chinese. | ||
| 650 | 7 |
_aChinese language _vDictionaries _xEnglish. _2BUEsh _939112 |
|
| 650 | 7 |
_aEnglish language _vDictionaries _xChinese. _2BUEsh |
|
| 653 |
_bGGEN _cFebruary2022 |
||
| 655 |
_vReading book _934232 |
||
| 700 | 1 |
_aYuan, Boping, _eeditor. _938903 |
|
| 700 | 1 |
_aChurch, Sally K., _eeditor. |
|
| 730 | 0 | _aOxford starter Chinese dictionary. | |
| 856 | 4 | 2 |
_3Publisher description _uhttp://www.loc.gov/catdir/enhancements/fy0907/2006046428-d.html |
| 906 |
_a7 _bcbc _corignew _d1 _eocip _f20 _gy-gencatlg |
||
| 942 |
_2ddc _cBB |
||
| 999 |
_c29782 _d29753 |
||